000 00635nam a2200229Ia 4500
005 20250425162439.0
008 250425s9999 xx 000 0 und d
020 _a9789702611912
041 _aspa
082 _a658.4038
100 _aLAUDON, KENNETH C.
245 0 _aSISTEMAS DE INFORMACIÓN GERENCIAL: ADMINISTRACIÓN DE LA EMPRESA DIGITAL
250 _a10A ED.
260 _aMEXICO
260 _aMéxico
_bPEARSON EDUCACION
_c2008
300 _a645
650 _aADMINISTRACION DE EMPRESAS
650 _aSISTEMAS DE INFORMACION DE GESTION
650 _aTECNOLOGIA DE LA INFORMACION
942 _c01
010 _a74581
999 _c229406
_d229406